| 000 | 00463nam a22001697a 4500 | ||
|---|---|---|---|
| 999 |
_c40542 _d40542 |
||
| 003 | OSt | ||
| 005 | 20260305122732.0 | ||
| 008 | 201124b ||||| |||| 00| 0 eng d | ||
| 020 | _a9387331741 | ||
| 040 | _coclc | ||
| 082 |
_a894.8123 _bJOS/C |
||
| 100 | 1 |
_aJōs, Lājō _96897 |
|
| 245 |
_aCoffee House / _cLajo Jose |
||
| 260 |
_aThrissur, _bGreen Books, _c2019. |
||
| 300 | _a232p | ||
| 942 |
_cBK _2ddc _h894.8123 _iJOS/C _k894.8123 _mJOS/C |
||